ZKP: Shaping the Future Scalability and Privacy in DeFi Ecosystem

Saved in:
Bibliographic Details
Main Author: Bitarovský, Roman (Author)
Other Authors: Košťál, Kristián (Thesis advisor)
Format: Manuscript Book
Language:Slovak
English
Published: 2025
Subjects:
Online Access:http://is.stuba.sk/zp/portal_zp.pl?podrobnosti=183576
Tags: Add Tag
No Tags, Be the first to tag this record!

MARC

LEADER 00000ntm a22000003a 4500
001 stuzp105812
003 SK-STU
005 20250607211709.4
007 ta
008 150427s2015----xo-----f-mn---000-0-slo-d
040 |a STU  |b slo 
041 0 |a eng 
100 1 |a Bitarovský, Roman  |u 070400  |4 aut  |U FIIT Fakulta informatiky a informačných technológií  |T FIIT Ústav počítačového inžinierstva a aplikovanej informatiky  |X 102870  |U I400  |Y 672  |7 102870 
242 0 1 |a ZKP: Formovanie budúcej škálovateľnosti a súkromia v ekosystéme DeFi  |y slo 
245 1 0 |a ZKP: Shaping the Future Scalability and Privacy in DeFi Ecosystem 
260 |c 2025 
650 4 |a ZKP  |2 eng 
650 4 |a DeFi  |2 eng 
650 4 |a Ethereum  |2 eng 
650 4 |a DeFi  |2 slo 
650 4 |a ZKP  |2 slo 
650 4 |a Ethereum  |2 slo 
700 1 |a Košťál, Kristián  |u 070400  |k Z1  |4 ths  |U FIIT Fakulta informatiky a informačných technológií  |T FIIT Ústav počítačového inžinierstva a aplikovanej informatiky  |X 52559  |U I400  |Y 672  |7 52559 
856 4 |u http://is.stuba.sk/zp/portal_zp.pl?podrobnosti=183576